LIBRARY & INFORMATION CENTRE, KCAET, TAVANUR

ONLINE PUBLIC ACCESS CATALOGUE (OPAC)

Thayo the ching / (Record no. 4374)

MARC details
000 -LEADER
fixed length control field 00399cam a2200169ua 4500
041 ## - LANGUAGE CODE
Language code of text/sound track or separate title mal
082 ## - DEWEY DECIMAL CLASSIFICATION NUMBER
Classification number 920
Item number VAS/TH
100 ## - MAIN ENTRY--AUTHOR NAME
Personal name Vasu, Nambeesan .
245 ## - TITLE STATEMENT
Title Thayo the ching /
260 ## - PUBLICATION, DISTRIBUTION, ETC. (IMPRINT)
Place of publication New Delhi :
Name of publisher Sahitya Academy ,
Year of publication 1962.
300 ## - PHYSICAL DESCRIPTION
Number of Pages 141 ; .
942 ## - ADDED ENTRY ELEMENTS (KOHA)
Koha item type Books
Holdings
Withdrawn status Lost status Damaged status Home library Current library Date acquired Full call number Accession Number Koha item type Public note
Withdrawn     KAUAET KAUAET 07/04/2012 920 9515 Books Deleted
free website counter